| 000 | 00674nam a2200265Ia 4500 | ||
|---|---|---|---|
| 003 | OSt | ||
| 005 | 20221006151329.0 | ||
| 006 | a|||||r|||| 00| 0 | ||
| 007 | ta | ||
| 008 | 221006b |||||||| |||| 00| 0 eng d | ||
| 020 | _c24.20 | ||
| 024 | _a21,736 | ||
| 037 | _cTextual | ||
| 040 |
_aEASL _cEASL _beng |
||
| 041 |
_2eng _aeng |
||
| 082 | _az42a47,N5, K5 | ||
| 100 | _aWEBB Herschel | ||
| 245 | 0 |
_aResearch in Japanese sources _b Guide |
|
| 260 |
_aNew York _bColumbia University Press _c1965 |
||
| 300 |
_a170p. _ccm. |
||
| 490 | _v BB | ||
| 650 | _aJEL | ||
| 942 |
_hz42a47,N5, K5 _cTEXL _2CC |
||
| 999 |
_c1089822 _d1089822 |
||